| Поле | Название | Значение |
| |
Тип записи |
a |
| |
Библиографический уровень |
m |
| 001 |
Контрольный номер |
RU/URAIT/589573 |
| 005 |
Дата корректировки |
20260429163644.3 |
| 008 |
Кодируемые данные |
260429s2026 RU y f j 000 0 rus u |
| 020 |
Индекс ISBN |
__ |
| a |
ISBN |
978-5-534-18341-2 |
| c |
Цена, тираж |
2759.00 |
| 040 |
Источник каталогиз. |
__ |
| a |
Служба первич. каталог. |
ИКО Юрайт |
| c |
Служба, преобразующая запись |
ИКО Юрайт |
| e |
Правила каталог. |
RCR |
| 041 |
Код языка издания |
__ |
| a |
Код языка текста |
rus |
| 044 |
Код страны публикации |
__ |
| a |
Код страны публикации |
RU |
| 080 |
Индекс УДК |
__ |
| a |
Индекс УДК |
681.3 |
| 084 |
Индекс другой классификации/Индекс ББК |
__ |
| 2 |
Источник индекса |
rubbk |
| a |
Индекс другой классификации/Индекс ББК |
32.81я73 |
| 100 |
Автор |
__ |
| a |
Автор |
Трофимов В. В. |
| q |
Полное имя |
Трофимов Валерий Владимирович |
| 245 |
Заглавие |
__ |
| a |
Заглавие |
Информационные технологии |
| b |
Продолж. заглавия |
учебник для спо |
| c |
Ответственность |
В. В. Трофимов, О. П. Ильина, В. И. Кияев, Е. В. Трофимова ; ответственный редактор В. В. Трофимов. |
| 256 |
Характеристики компьютерного файла |
__ |
| a |
Характеристики компьютерного файла |
Электрон. дан. |
| 260 |
Выходные данные |
__ |
| a |
Место издания |
Москва |
| b |
Издательство |
Юрайт |
| c |
Дата издания |
2026 |
| 300 |
Физическое описание |
__ |
| a |
Объем |
546 с |
| 440 |
Серия |
__ |
| a |
Серия |
Профессиональное образование |
| 500 |
Примечания |
__ |
| a |
Примечание |
URL: https://urait.ru/bcode/589573 (дата обращения: 29.04.2026). |
| 520 |
Аннотация |
__ |
| a |
Аннотация |
Настоящий учебник представляет собой обобщенный труд в области современных информационных технологий, применяемых в экономике и управлении. Это универсальное издание для любых экономических специальностей. Материал учебника включает не только обязательные разделы программы, но и дополнительный материал, поясняющий современное состояние дел в области создания и эксплуатации современных информационных технологий и систем, а также перспективы их развития. |
| 538 |
Прим. о системных особенностях |
__ |
| a |
Прим. о системных особенностях |
Режим доступа: Электронно-библиотечная система Юрайт, для авториз. пользователей |
| 653 |
Ключевые слова |
__ |
| a |
Ключевые слова |
Информационные системы и технологии |
| 653 |
Ключевые слова |
__ |
| a |
Ключевые слова |
Компьютерные и информационные науки |
| 653 |
Ключевые слова |
__ |
| a |
Ключевые слова |
Информатика |
| 653 |
Ключевые слова |
__ |
| a |
Ключевые слова |
Новые информационные технологии |
| 653 |
Ключевые слова |
__ |
| a |
Ключевые слова |
Информатика и информационные технологии |
| 653 |
Ключевые слова |
__ |
| a |
Ключевые слова |
Информационные технологии |
| 653 |
Ключевые слова |
__ |
| a |
Ключевые слова |
Компьютерное моделирование |
| 653 |
Ключевые слова |
__ |
| a |
Ключевые слова |
Информатика и основы компьютерных технологий |
| 653 |
Ключевые слова |
__ |
| a |
Ключевые слова |
Информатика, в т.ч. современные информационные технологии |
| 653 |
Ключевые слова |
__ |
| a |
Ключевые слова |
Информатика и информационно-коммуникационные технологии |
| 653 |
Ключевые слова |
__ |
| a |
Ключевые слова |
Информатика и информационные технологии в профессиональной деятельности |
| 653 |
Ключевые слова |
__ |
| a |
Ключевые слова |
Основы информатики |
| 653 |
Ключевые слова |
__ |
| a |
Ключевые слова |
Основы информационных технологий |
| 653 |
Ключевые слова |
__ |
| a |
Ключевые слова |
Основы компьютерного моделирования |
| 653 |
Ключевые слова |
__ |
| a |
Ключевые слова |
Информационные технологии в профессиональной деятельности |
| 653 |
Ключевые слова |
__ |
| a |
Ключевые слова |
Современные информационные технологии |
| 653 |
Ключевые слова |
__ |
| a |
Ключевые слова |
Компьютерные технологии и информатика |
| 653 |
Ключевые слова |
__ |
| a |
Ключевые слова |
Вычислительная техника |
| 653 |
Ключевые слова |
__ |
| a |
Ключевые слова |
Информатика и информационно-коммуникационные технологии в профессиональной деятельности |
| 653 |
Ключевые слова |
__ |
| a |
Ключевые слова |
Прикладное программное обеспечение профессиональной деятельности |
| 653 |
Ключевые слова |
__ |
| a |
Ключевые слова |
Проектирование, компьютерное моделирование |
| 653 |
Ключевые слова |
__ |
| a |
Ключевые слова |
Информатика и современные информационные технологии |
| 653 |
Ключевые слова |
__ |
| a |
Ключевые слова |
Основы вычислительной техники |
| 653 |
Ключевые слова |
__ |
| a |
Ключевые слова |
Основы управленческой деятельности: Информационное обеспечение профессиональной деятельности |
| 653 |
Ключевые слова |
__ |
| a |
Ключевые слова |
Введение в информатику |
| 653 |
Ключевые слова |
__ |
| a |
Ключевые слова |
Современные информационные технологии с практикумом |
| 653 |
Ключевые слова |
__ |
| a |
Ключевые слова |
Информатика (компьютерная грамотность) |
| 653 |
Ключевые слова |
__ |
| a |
Ключевые слова |
Основы информационных технологий в профессиональной деятельности |
| 653 |
Ключевые слова |
__ |
| a |
Ключевые слова |
IT-технологии |
| 653 |
Ключевые слова |
__ |
| a |
Ключевые слова |
Компьютерное сопровождение профессиональной деятельности |
| 653 |
Ключевые слова |
__ |
| a |
Ключевые слова |
Адаптивные информационные технологии в профессиональной деятельности |
| 653 |
Ключевые слова |
__ |
| a |
Ключевые слова |
Информатика и цифровые технологии |
| 653 |
Ключевые слова |
__ |
| a |
Ключевые слова |
Введение в вычислительную технику |
| 653 |
Ключевые слова |
__ |
| a |
Ключевые слова |
Информатика и инфокоммуникационные технологии |
| 653 |
Ключевые слова |
__ |
| a |
Ключевые слова |
Информационные технологии в профессиональной сфере |
| 653 |
Ключевые слова |
__ |
| a |
Ключевые слова |
Информатика, современные информационные технологии |
| 653 |
Ключевые слова |
__ |
| a |
Ключевые слова |
Информатика и информационно-коммуникационные технологии (ИКТ) в профессиональной деятельности |
| 653 |
Ключевые слова |
__ |
| a |
Ключевые слова |
IT-технологии в профессиональной деятельности |
| 653 |
Ключевые слова |
__ |
| a |
Ключевые слова |
Информатика и компьютерные технологии |
| 653 |
Ключевые слова |
__ |
| a |
Ключевые слова |
Корректирующий курс по информатике |
| 653 |
Ключевые слова |
__ |
| a |
Ключевые слова |
Введение в информационные технологии |
| 653 |
Ключевые слова |
__ |
| a |
Ключевые слова |
Цифровые технологии в профессиональной деятельности |
| 653 |
Ключевые слова |
__ |
| a |
Ключевые слова |
Информатика и вычислительная техника |
| 653 |
Ключевые слова |
__ |
| a |
Ключевые слова |
Информатика и ИКТ в профессиональной деятельности |
| 653 |
Ключевые слова |
__ |
| a |
Ключевые слова |
Информатика и ИКТ |
| 653 |
Ключевые слова |
__ |
| a |
Ключевые слова |
Информатика и современные компьютерные технологии |
| 653 |
Ключевые слова |
__ |
| a |
Ключевые слова |
Информатика и ИТ |
| 653 |
Ключевые слова |
__ |
| a |
Ключевые слова |
Информатика и информационно-коммуникационные технологии профессиональной деятельности |
| 653 |
Ключевые слова |
__ |
| a |
Ключевые слова |
Информатика и основы информационных технологий |
| 653 |
Ключевые слова |
__ |
| a |
Ключевые слова |
Информатика и информационные профессиональные технологии |
| 653 |
Ключевые слова |
__ |
| a |
Ключевые слова |
Информатика и информационные технологии в профессиональной деятельности (лабораторный практикум) |
| 653 |
Ключевые слова |
__ |
| a |
Ключевые слова |
Информатика и информационно-коммуникационные системы |
| 653 |
Ключевые слова |
__ |
| a |
Ключевые слова |
Информатика и информационно-телекоммуникационные технологии в профессиональной деятельности |
| 653 |
Ключевые слова |
__ |
| a |
Ключевые слова |
Анализ эффективности работы судна |
| 653 |
Ключевые слова |
__ |
| a |
Ключевые слова |
IT в профессиональной деятельности |
| 653 |
Ключевые слова |
__ |
| a |
Ключевые слова |
Информационные технологии (информатика) |
| 653 |
Ключевые слова |
__ |
| a |
Ключевые слова |
Информатика и ИКТ в ПД |
| 653 |
Ключевые слова |
__ |
| a |
Ключевые слова |
Основы информатики и икт в профессиональной деятельности |
| 653 |
Ключевые слова |
__ |
| a |
Ключевые слова |
Прикладные компьютерные программы в профессиональной деятельности |
| 653 |
Ключевые слова |
__ |
| a |
Ключевые слова |
Организационно-технологическое обеспечение производства крахмала, сахара и сахаристых продуктов на автоматизированных технологических линиях |
| 653 |
Ключевые слова |
__ |
| a |
Ключевые слова |
Основы электронной и вычислительной техники |
| 653 |
Ключевые слова |
__ |
| a |
Ключевые слова |
Прикладные компьютерные программы профессиональной деятельности |
| 653 |
Ключевые слова |
__ |
| a |
Ключевые слова |
Информационно-коммуникационные технологии (по видам транспорта) |
| 653 |
Ключевые слова |
__ |
| a |
Ключевые слова |
Информационно-коммуникационные технологии по видам транспорта |
| 653 |
Ключевые слова |
__ |
| a |
Ключевые слова |
Организационно-технологическое обеспечение производства крахмала, сахара и сахаристых продуктов на автоматизированных технологических линиях (по выбору) |
| 653 |
Ключевые слова |
__ |
| a |
Ключевые слова |
Информационно-коммуникационные технологии и асу в профессиональной деятельности |
| 700 |
Другие авторы |
__ |
| a |
Другие авторы |
Ильина О. П. |
| q |
Полное имя |
Ильина Ольга Павловна |
| 700 |
Другие авторы |
__ |
| a |
Другие авторы |
Кияев В. И. |
| q |
Полное имя |
Кияев Владимир Ильич |
| 700 |
Другие авторы |
__ |
| a |
Другие авторы |
Трофимова Е. В. |
| q |
Полное имя |
Трофимова Елена Валерьевна |
| 856 |
Электронный адрес документа |
40 |
| n |
Местонахождение сервера |
Юрайт |
| g |
|
Электронная книга |
| q |
Тип электронного формата |
html |
| h |
Имя пользователя |
ЮРАЙТ |
| v |
Часы доступа к ресурсу |
20271231 |
| 2 |
Способ доступа |
Показать документ |
| x |
Служебное примечание |
https://urait.ru/book/cover/8AE34907-FDAC-4161-8EB4-669776E8859B |
| u |
URL |
https://urait.ru/bcode/589573 |
| 856 |
Электронный адрес документа |
48 |
| q |
Тип электронного формата |
cover |
| u |
URL |
https://urait.ru/book/cover/8AE34907-FDAC-4161-8EB4-669776E8859B |
| 911 |
|
__ |
| u |
|
0030=https://urait.ru/bcode/589573 |
| 911 |
|
__ |
| u |
|
073a=9785534183412 |
| u |
|
073d=2759.00 |
| 911 |
|
__ |
| u |
|
106a=s |
| 911 |
|
__ |
| u |
|
900l= |
| 952 |
Тип литературы |
__ |
| i |
Дисциплина |
Информатика |
| 952 |
Тип литературы |
__ |
| i |
Дисциплина |
Новые информационные технологии |
| 952 |
Тип литературы |
__ |
| i |
Дисциплина |
Информатика и информационные технологии |
| 952 |
Тип литературы |
__ |
| i |
Дисциплина |
Информационные технологии |
| 952 |
Тип литературы |
__ |
| i |
Дисциплина |
Компьютерное моделирование |
| 952 |
Тип литературы |
__ |
| i |
Дисциплина |
Информатика и основы компьютерных технологий |
| 952 |
Тип литературы |
__ |
| i |
Дисциплина |
Информатика, в т.ч. современные информационные технологии |
| 952 |
Тип литературы |
__ |
| i |
Дисциплина |
Информатика и информационно-коммуникационные технологии |
| 952 |
Тип литературы |
__ |
| i |
Дисциплина |
Информатика и информационные технологии в профессиональной деятельности |
| 952 |
Тип литературы |
__ |
| i |
Дисциплина |
Основы информатики |
| 952 |
Тип литературы |
__ |
| i |
Дисциплина |
Основы информационных технологий |
| 952 |
Тип литературы |
__ |
| i |
Дисциплина |
Основы компьютерного моделирования |
| 952 |
Тип литературы |
__ |
| i |
Дисциплина |
Информационные технологии в профессиональной деятельности |
| 952 |
Тип литературы |
__ |
| i |
Дисциплина |
Современные информационные технологии |
| 952 |
Тип литературы |
__ |
| i |
Дисциплина |
Компьютерные технологии и информатика |
| 952 |
Тип литературы |
__ |
| i |
Дисциплина |
Вычислительная техника |
| 952 |
Тип литературы |
__ |
| i |
Дисциплина |
Информатика и информационно-коммуникационные технологии в профессиональной деятельности |
| 952 |
Тип литературы |
__ |
| i |
Дисциплина |
Прикладное программное обеспечение профессиональной деятельности |
| 952 |
Тип литературы |
__ |
| i |
Дисциплина |
Проектирование, компьютерное моделирование |
| 952 |
Тип литературы |
__ |
| i |
Дисциплина |
Информатика и современные информационные технологии |
| 952 |
Тип литературы |
__ |
| i |
Дисциплина |
Основы вычислительной техники |
| 952 |
Тип литературы |
__ |
| i |
Дисциплина |
Основы управленческой деятельности: Информационное обеспечение профессиональной деятельности |
| 952 |
Тип литературы |
__ |
| i |
Дисциплина |
Введение в информатику |
| 952 |
Тип литературы |
__ |
| i |
Дисциплина |
Современные информационные технологии с практикумом |
| 952 |
Тип литературы |
__ |
| i |
Дисциплина |
Информатика (компьютерная грамотность) |
| 952 |
Тип литературы |
__ |
| i |
Дисциплина |
Основы информационных технологий в профессиональной деятельности |
| 952 |
Тип литературы |
__ |
| i |
Дисциплина |
IT-технологии |
| 952 |
Тип литературы |
__ |
| i |
Дисциплина |
Компьютерное сопровождение профессиональной деятельности |
| 952 |
Тип литературы |
__ |
| i |
Дисциплина |
Адаптивные информационные технологии в профессиональной деятельности |
| 952 |
Тип литературы |
__ |
| i |
Дисциплина |
Информатика и цифровые технологии |
| 952 |
Тип литературы |
__ |
| i |
Дисциплина |
Введение в вычислительную технику |
| 952 |
Тип литературы |
__ |
| i |
Дисциплина |
Информатика и инфокоммуникационные технологии |
| 952 |
Тип литературы |
__ |
| i |
Дисциплина |
Информационные технологии в профессиональной сфере |
| 952 |
Тип литературы |
__ |
| i |
Дисциплина |
Информатика, современные информационные технологии |
| 952 |
Тип литературы |
__ |
| i |
Дисциплина |
Информатика и информационно-коммуникационные технологии (ИКТ) в профессиональной деятельности |
| 952 |
Тип литературы |
__ |
| i |
Дисциплина |
IT-технологии в профессиональной деятельности |
| 952 |
Тип литературы |
__ |
| i |
Дисциплина |
Информатика и компьютерные технологии |
| 952 |
Тип литературы |
__ |
| i |
Дисциплина |
Корректирующий курс по информатике |
| 952 |
Тип литературы |
__ |
| i |
Дисциплина |
Введение в информационные технологии |
| 952 |
Тип литературы |
__ |
| i |
Дисциплина |
Цифровые технологии в профессиональной деятельности |
| 952 |
Тип литературы |
__ |
| i |
Дисциплина |
Информатика и вычислительная техника |
| 952 |
Тип литературы |
__ |
| i |
Дисциплина |
Информатика и ИКТ в профессиональной деятельности |
| 952 |
Тип литературы |
__ |
| i |
Дисциплина |
Информатика и ИКТ |
| 952 |
Тип литературы |
__ |
| i |
Дисциплина |
Информатика и современные компьютерные технологии |
| 952 |
Тип литературы |
__ |
| i |
Дисциплина |
Информатика и ИТ |
| 952 |
Тип литературы |
__ |
| i |
Дисциплина |
Информатика и информационно-коммуникационные технологии профессиональной деятельности |
| 952 |
Тип литературы |
__ |
| i |
Дисциплина |
Информатика и основы информационных технологий |
| 952 |
Тип литературы |
__ |
| i |
Дисциплина |
Информатика и информационные профессиональные технологии |
| 952 |
Тип литературы |
__ |
| i |
Дисциплина |
Информатика и информационные технологии в профессиональной деятельности (лабораторный практикум) |
| 952 |
Тип литературы |
__ |
| i |
Дисциплина |
Информатика и информационно-коммуникационные системы |
| 952 |
Тип литературы |
__ |
| i |
Дисциплина |
Информатика и информационно-телекоммуникационные технологии в профессиональной деятельности |
| 952 |
Тип литературы |
__ |
| i |
Дисциплина |
Анализ эффективности работы судна |
| 952 |
Тип литературы |
__ |
| i |
Дисциплина |
IT в профессиональной деятельности |
| 952 |
Тип литературы |
__ |
| i |
Дисциплина |
Информационные технологии (информатика) |
| 952 |
Тип литературы |
__ |
| i |
Дисциплина |
Информатика и ИКТ в ПД |
| 952 |
Тип литературы |
__ |
| i |
Дисциплина |
Основы информатики и икт в профессиональной деятельности |
| 952 |
Тип литературы |
__ |
| i |
Дисциплина |
Прикладные компьютерные программы в профессиональной деятельности |
| 952 |
Тип литературы |
__ |
| i |
Дисциплина |
Организационно-технологическое обеспечение производства крахмала, сахара и сахаристых продуктов на автоматизированных технологических линиях |
| 952 |
Тип литературы |
__ |
| i |
Дисциплина |
Основы электронной и вычислительной техники |
| 952 |
Тип литературы |
__ |
| i |
Дисциплина |
Прикладные компьютерные программы профессиональной деятельности |
| 952 |
Тип литературы |
__ |
| i |
Дисциплина |
Информационно-коммуникационные технологии (по видам транспорта) |
| 952 |
Тип литературы |
__ |
| i |
Дисциплина |
Информационно-коммуникационные технологии по видам транспорта |
| 952 |
Тип литературы |
__ |
| i |
Дисциплина |
Организационно-технологическое обеспечение производства крахмала, сахара и сахаристых продуктов на автоматизированных технологических линиях (по выбору) |
| 952 |
Тип литературы |
__ |
| i |
Дисциплина |
Информационно-коммуникационные технологии и асу в профессиональной деятельности |